Представление документа в формате RUSMARC

ПолеНазваниеЗначение
  Тип записи i
  Библиографический уровень m
001 Контрольный номер RU/IS/BASE/327153991
005 Дата корректировки 20201206204726.0
010 Индекс ISBN __
d Цена 307-00
101 Язык документа __
a Язык текста rus
c Язык оригинала rus
200 Заглавие и сведения об ответственности 1_
a Заглавие Недоросль
e Сведения, относящиеся к заглавию радиоспектакль : комедия
f Первые сведения об ответственности Д. И. Фонвизин ; [режиссер-постановщик С. Рыбалка ; композитор С. Рыбалка]
b Общее обозначение материала Звукозапись
210 Выходные данные __
a Место издания М.
c Издательство ЭКСМО-Сидиком
d Дата издания 2008
215 Физическое описание __
a Объем 1 электрон. опт. диск (Audio CD) (2 ч. 37 мин.)
300 Общие примечания __
a Общие примечания AudioCD ; MP3 ; 44.1 кГц
323 Примечание о главных создателях, исполнителях, участниках __
a Примечание о главных создателях, исполнителях, участниках Дедик, Р. (г-жа Простакова)
a Примечание о главных создателях, исполнителях, участниках Перфилов, В. (Митрофан; Вральман)
a Примечание о главных создателях, исполнителях, участниках Свиридов, В. (г-н Стародум)
a Примечание о главных создателях, исполнителях, участниках Волкова, М. (Софья; Еремеевна)
a Примечание о главных создателях, исполнителях, участниках Касницкий, А (г-н Правдин)
a Примечание о главных создателях, исполнителях, участниках Зорюта, В. (Милон; Кутейкин)
a Примечание о главных создателях, исполнителях, участниках Рыбалка, С. (г-н Простаков; г-н Скотинин; камердинер)
a Примечание о главных создателях, исполнителях, участниках Макаркин, С. (Цифиркин; Тришка; слуга)
330 Аннотация __
a Аннотация Социально-политическая комедия поднимает актуальные проблемы нравственного разложения дворянства и воспитания молодежи.
333 Примечание о целевом назначении __
a Примечание о целевом назначении 12+. Для детей старше 12 лет
606 Тематические рубрики __
a Основная рубрика Художественная литература
606 Тематические рубрики __
a Основная рубрика Русская литература XVIII в. (произведения)
610 Ключевые слова __
a Ключевые слова классическая литература; пьесы; драматические произведения; недоросль; литературные герои; литературные персонажи; тема нравственности; тема молодежи; тема воспитания; тема семьи; тема учебы; тема любви; тема юмора; тема сатиры; сатирическая литература; сатирическая драматургия; сатирические пьесы; сатирические комедии; комедии
686 Индексы других классификаций __
a Классификационный индекс ст85.38я0
700 Автор _1
a Фамилия Фонвизин
b Имя Д. И.
f Даты 1744-1792
g Полное личное имя Денис Иванович
4 Код отношения 070
702 Вторичная интеллектуальная ответственность _1
a Фамилия Рыбалка
b Имя С.
4 Код отношения Режиссер-постановщик
801 Источник записи _0
a Страна RU
b Организация Муниципальное бюджетное учреждение культуры "Централизованная библиотечная система" г. Сургут (Центральная городская библиотека им. А. С. Пушкина)
g Правила каталогизации КиК/Поспелова
801 Источник записи _1
a Страна RU
b Организация Муниципальное бюджетное учреждение культуры "Централизованная библиотечная система" г. Сургут (Центральная городская библиотека им. А. С. Пушкина)
g Правила каталогизации КиК/Поспелова
852 Данные о местонахождении __
j Шифр хранения ст85.38я0
c Каталожный индекс ст85.38я04
i Авторский знак Ф 77
901 Тип документа __
t Тип документа 0
903 Характеристики (МАРС) __
a Дата передачи 20100517
969 Тип издания __
a Тип издания аудиокнига
990 Данные о заказе (DOS) __
j Количество экземпляров (DOS) 1
h N записи в КСУ для Б/У (DOS) 201006